al-Islām dīn al-insānīyah (Record no. 47145)
[ view plain ]
| 000 -LEADER | |
|---|---|
| fixed length control field | 00673cam a22002291 4500 |
| 001 - CONTROL NUMBER | |
| control field | ne 64001548 |
| 003 - CONTROL NUMBER IDENTIFIER | |
| control field | DLC |
| 005 - DATE AND TIME OF LATEST TRANSACTION | |
| control field | 20260227111801.0 |
| 008 - FIXED-LENGTH DATA ELEMENTS--GENERAL INFORMATION | |
| fixed length control field | 900509s1963 ua 000 0 ara c |
| 010 ## - LIBRARY OF CONGRESS CONTROL NUMBER | |
| LC control number | ne 64001548 |
| 025 ## - OVERSEAS ACQUISITION NUMBER | |
| Overseas acquisition number | PL480:UAR-4149 |
| 035 ## - SYSTEM CONTROL NUMBER | |
| System control number | (OCoLC)21500807 |
| 040 ## - CATALOGING SOURCE | |
| Original cataloging agency | Princeton Univ. Libr. |
| Transcribing agency | WaU |
| Modifying agency | WaU |
| -- | DLC |
| 042 ## - AUTHENTICATION CODE | |
| Authentication code | premarc |
| 050 00 - LIBRARY OF CONGRESS CALL NUMBER | |
| Classification number | BP165 |
| Item number | .K5 |
| 100 1# - MAIN ENTRY--PERSONAL NAME | |
| Personal name | Khafājī, Muḥammad ʻAbd al-Munʻim. |
| 245 13 - TITLE STATEMENT | |
| Title | al-Islām dīn al-insānīyah |
| Statement of responsibility, etc. | [taʼlīf] Muḥammad ʻAbd al-Munʻim Khafājī. |
| 250 ## - EDITION STATEMENT | |
| Edition statement | al-Ṭabʻah 1. |
| 260 ## - PUBLICATION, DISTRIBUTION, ETC. | |
| Place of publication, distribution, etc. | al-Qāhirah, |
| Name of publisher, distributor, etc. | Maktabat al-Qāhirah |
| Date of publication, distribution, etc. | [1963?] |
| 300 ## - PHYSICAL DESCRIPTION | |
| Extent | 192 p. |
| Dimensions | 20 cm. |
| 650 #0 - SUBJECT ADDED ENTRY--TOPICAL TERM | |
| Topical term or geographic name entry element | Islam. |
No items available.